000 00825cam a22002651 4500
001 2163638
003 OSt
005 20140310184419.0
008 840911s1944 nyuac 000 0beng
010 _asg 44000081
020 _a9780590447676
040 _aDLC/ICU
_cICU
_dDLC
050 0 0 _aR 154
_b.B623b3 1944
100 1 _aBaker, Rachel,
_d1903-
_926595
245 1 4 _aThe first woman doctor :
_bthe story of Elizabeth Blackwell, M.D. /
_cRachel Baker. Illustrations by Evelyn Copelman.
260 _aNew York,
_bJ. Messner, Inc.,
_c1961
300 _a188 p. :
_c23 cm.
521 _aG9
526 _c1120
600 1 0 _aBlackwell, Elizabeth,
_d1821-1910.
_926596
650 0 _aWomen physicians
_xBiography.
_926597
906 _a7
_bcbc
_corignew
_du
_encip
_f19
_gy-gencatlg
942 _2lcc
_cBK-SCHOLAS
999 _c34202
_d34202